000 00340 a2200109 4500
001 ART_30915
005 20260410161706.0
008 260409a
245 1 0 _aCancelar obligaciones de seguridad social con el IVA por exportaciones
100 1 _aOklander, Juan
773 0 _tRevista Impuestos
_g- NÂș 5 (mar. 2008)
_wREV639
999 _c15618
_d15618